Countries of the European Union by flag - Statistics

General Stats
  • This quiz has been taken 45 times
    34 since last reset
  • The average score is 24 of 27
Answer Stats
Picture Answer % Correct
Spain
100%
France
96%
Finland
93%
Germany
93%
Greece
93%
Ireland
93%
Poland
93%
Austria
89%
Belgium
89%
Croatia
89%
Cyprus
89%
Denmark
89%
Hungary
89%
Italy
89%
Malta
89%
Netherlands
89%
Portugal
89%
Romania
89%
Sweden
89%
Czech Republic
85%
Estonia
85%
Latvia
85%
Slovakia
85%
Slovenia
85%
Bulgaria
81%
Lithuania
81%
Luxembourg
81%
No matching quizzes found
Score Distribution
Percent of People with Each Score
Percentile by Number Answered
Your Score History
You have not taken this quiz since the last reset